| 000 | 00394nam a22001457a 4500 | ||
|---|---|---|---|
| 005 | 20180206153627.0 | ||
| 008 | 180206b xxu||||| |||| 00| 0 eng d | ||
| 040 | _cPK-LaUMT | ||
| 082 |
_aPKAC 297.74 _bJAL-I |
||
| 100 | _aJalal ud Din Umari | ||
| 245 |
_aIslam ki dawat/ _cJalal ud Din Umari |
||
| 260 |
_aلاہور: _bاسلامک پبلیکیشنز، _c1986 |
||
| 300 | _a204 | ||
| 942 | _cBK | ||
| 999 |
_c102694 _d102694 |
||